000 00690nam a2200289Ia 4500
005 20260324142524.0
008 008 260324s9999 xx 000 0 eng d
020 _a9781315812625
037 _aEBOOK
040 _aCRL
040 _beng
040 _cCRL
041 _2eng
041 _aeng
084 _qCRL
100 _aCelia Green; Charles McCreery
_91212249
245 0 _aLucid Dreaming
245 4 _bThe Paradox of Consciousness During Sleep
260 _bTaylor and Francis
260 _c1994
365 _a
365 _b235
856 _uhttp://www.taylorfrancis.com/books/9781315812625
942 _cEBOOK
999 _c1816550
_d1816550